01163cam a2200301 a 45000010009000000050017000090080041000260100017000670200027000840200030001110350023001410350020001640400039001840430012002230500024002350820019002591000019002782450092002972600063003893000036004525000109004885040064005976500044006616500032007057000023007377000018007608560083007781446879920190520123000.0060726s2007 enka b 001 0 eng  a 2006023667 a1847201180 (hardcover) a9781847201188 (hardcover) a(OCoLC)ocm70718259 a(OCoLC)70718259 aDLCcDLCdBAKERdBWKUKdBTCTAdDLC af-sa---00aHD5842.A6bE47 200700a331.12/042222 aPollin, Robert03aAn employment-targeted economic program for South Africa /cRobert Pollin ... [et al.]. aCheltenham, UK ;aNorthampton, MA :bEdward Elgar,cc2007. axxxii, 204 p. :bill. ;c24 cm. a"Country study supported by the International Poverty Centre of the United Nations Development Program." aIncludes bibliographical references (p. 185-193) and index. 0aFull employment policieszSouth Africa. 0aUnemploymentzSouth Africa.1 aEpstein, Gerald A.1 aHeintz, James413Table of contents onlyuhttp://www.loc.gov/catdir/toc/ecip0617/2006023667.html